Регионална библиотека "Любен Каравелов" - Русе

Иван Михайлов - отвъд легендите [видео DVD] (Запис номер 218934)

MARC детайли
000 -Лидер
Контролно поле с фиксирана дължина 02252njm a2200481 c 4500
003 - Код на организацията, давaща контролен номер
Контролно поле BLK
005 - Дата и час на последна редакция
Контролно поле 20180422121407.0
008 - Елементи от данни с фиксирана дължина
fixed length control field 180410b bul||n||s|||||||| n|bulo|
010 ## - Наследен системен номер
LC control number CDD00001285000
040 ## - Източник на каталожния запис
Идентификатор на билиотеката - собственик на записа BLK
041 ## - Код за език
Код за езика на текст/звукозапис или на отделно заглавие Български
Код за езика КДБФ Български
072 #7 - Код за тематичната категория
Код организация bullib
Код за тематична категория Н92
Текст История Н
080 ## - УДК
Текстов определител УДК България през периода на общата криза на капитализма (1918-1944)
УДК код - определител по УДК 94(497.2)"1918/1945"
УДК определител (092)(086.8)
УДК - код + определител 94(497.2)"1918/1945"(092)(086.8)
080 ## - УДК
Текстов определител УДК
УДК код - определител по УДК 929 Михайлов, Иван Гаврилов (Ванче)
УДК определител
УДК - код + определител 929 Михайлов, Иван Гаврилов (Ванче)
100 1# - Редна дума - Автор
Автор Гаджев, Иван Илиев
Авторска отговорност първи автор
R(LIN) 371078
139 ## - Редно поле
Редна дума Гаджев, Иван Илиев
Авторски знак Михаи - М 74
245 10 - Сведения за заглавието
Заглавие Иван Михайлов - отвъд легендите [видео DVD]
Редно поле (дума) Иван Илиев Гаджев.
Том Т. 2
257 ## - Страна на издаване
Страна на създаване/издаване България
260 ## - Област на издателските данни
-- София
Година на издаване 2007 -
306 ## - Продължителност на изпълнението
-- ф
380 ## - Жанр
Жанр Обществени науки
500 ## - Общи забележки
Забележка Дигитално изд.
500 ## - Общи забележки
Забележка Забележка към том: Текст и на англ. ез. - Прил. към кн. със същото загл. и сигн. 242648.
590 ## - Забележки на библиотеката, притежаваща документа (RLIN)
Служебно ф
600 14 - Име на лице, използвано като предмет
За него / За нея Михайлов, Иван Гаврилов (Ванче)
9 (RLIN) 304905
650 #4 - Допълнително описание по предмет – тема
Основно описание – тема или топоним Михайлов, Иван Гаврилов (Ванче)
9 (RLIN) 304905
650 #4 - Допълнително описание по предмет – тема
Основно описание – тема или топоним ВМРО - биографии
9 (RLIN) 279193
650 #4 - Допълнително описание по предмет – тема
Основно описание – тема или топоним Македонски въпрос
9 (RLIN) 242249
653 ## - Ключова дума – ненормативна
Ключова дума Ванче Михайлов
653 ## - Ключова дума – ненормативна
Ключова дума българска история
653 ## - Ключова дума – ненормативна
Ключова дума ВМРО
653 ## - Ключова дума – ненормативна
Ключова дума македонски въпрос
653 ## - Ключова дума – ненормативна
Ключова дума биографии
653 ## - Ключова дума – ненормативна
Ключова дума документи
653 ## - Ключова дума – ненормативна
Ключова дума България
659 ## - Тематичен бюлетин
Тематичен бюлетин Н
760 1# - Описание на основната серия
-- на том(т. 2), на том(т. 2)
Редна дума на основното описание Гаджев, Иван Илиев
Място на издаване, издател и година София, Инст. по история на бълг. емиграция в Сев. Америка, Гутенберг, 2009
Страници - том (2 GB)
Забележка - том Текст и на англ. ез. - Прил. към кн. със същото загл. и сигн. 242648.
Заглавие Т. 2
852 ## - Местоположение
Форматна сигнатура Цб CD 2634
Част 0
856 4# - Електронен адрес и достъп
Електронен формат pdf - файл
Път до файла /url/
856 4# - Електронен адрес и достъп
Електронен формат pdf - файл
Път до файла /url/
942 ## - АРТИКУЛИ
Вид на библиотечния материал Компактдискове
Скрит в OPAC Не
944 ## - СЪЗДАВАНЕ И РЕДАКЦИЯ на ЗАПИСА
Създаване/Редакция Създаване
Дата на регистрацията/редакция 07.10.2010
Служител, извършил регистрацията/редакцията Людмила_Стоянова
944 ## - СЪЗДАВАНЕ И РЕДАКЦИЯ на ЗАПИСА
Създаване/Редакция Редакция
Дата на регистрацията/редакция 10.11.2010
Служител, извършил регистрацията/редакцията
999 ## - СИСТЕМНИ КОНТРОЛНИ НОМЕРА
Koha biblionumber 218934
Koha biblioitemnumber 218934
Наличности
Код за отписване Код за изгубен артикул Код за повреда Коз за рестрикции Код за отдаване Артикулен № Име на библиотеката - собственик Име на библиотеката, в която се намира в момента Статус (Текущо местоположение) Дата на вписване в системата Местоположение - отдел Цена в лева Инвентарен номер Систематично азбучна сигнатура Баркод Номер на екземпляра Цена в евро Служебна бележка Служебен тип на артикула
Изтеглен Не е изгубен Не е повреден без рестрикции заемане за дома 390323 Регионална библиотека "Любен Каравелов" Русе Регионална библиотека "Любен Каравелов" Русе Заемна - подръчен фонд 2010-10-06 Заемна - подръчен фонд 5.00 250000004321 Цб CD 2634 250000004321 1 2.56 Дост: DA Вид: А N: 21 Дата: 06.10.2010 Съставил: Валя_Йорданова Компактдискове
  Не е изгубен Не е повреден без рестрикции ползва се в читалня 390324 Регионална библиотека "Любен Каравелов" Русе Регионална библиотека "Любен Каравелов" Русе Хранилище 2010-11-23 Хранилище 5.00 250000004355 Цб CD 2634 250000004355 2 2.56 Дост: Dp Вид: Д N: 14 Дата: 24.03.2010 Съставил: Валя_Йорданова Компактдискове
Vip Innovations Ltd, Rousse, Bulgaria 2025